E-learning series on information and communication technalogy in education. (Record no. 488972)
[ view plain ]
| 000 -LEADER | |
|---|---|
| fixed length control field | 00298nam a22001217a 4500 |
| 040 ## - CATALOGING SOURCE | |
| Original cataloging agency | ICT |
| 082 ## - DEWEY DECIMAL CLASSIFICATION NUMBER | |
| Classification number | 004 UNE |
| 100 ## - MAIN ENTRY--PERSONAL NAME | |
| Relator code | UNESCO |
| 245 ## - TITLE STATEMENT | |
| Title | E-learning series on information and communication technalogy in education. |
| Remainder of title | UNESCO |
| 260 ## - PUBLICATION, DISTRIBUTION, ETC. | |
| Place of publication, distribution, etc. | Bankok |
| 650 ## - SUBJECT ADDED ENTRY--TOPICAL TERM | |
| Source of heading or term | E-learning |
| 942 ## - ADDED ENTRY ELEMENTS (KOHA) | |
| Source of classification or shelving scheme | |
| Koha item type | Book |
| Withdrawn status | Lost status | Damaged status | Not for loan | Collection code | Permanent Location | Current Location | Shelving location | Date acquired | Total Checkouts | Full call number | Barcode | Date last seen | Price effective from | Koha item type |
|---|---|---|---|---|---|---|---|---|---|---|---|---|---|---|
| Central Library (CL) | Central Library (CL) | First Floor - Computer Science | 12/06/2013 | 004 UNE | SEECSCD1248 | 12/04/2013 | 09/26/2018 | CD,DVDs |
